000 01008cam a2200265 i 4500
001 126
003 CO-MdFUSB
005 20221029110621.0
008 160531t1943 us f |||| 00| 0 eng d
040 _aCO-MdFUSB
_bEspañol
_cCO-MdFUSB
_dCO-MdFUSB
_erda
041 0 _aeng
082 0 4 _aR 220.7
_b N645e
100 1 _aNicoll, W. Robertson
_eautor
245 1 0 _aThe expositor´s Bible : A complete exposition of the Bible, in six volumes, with index /
_c/ W. Robertson Nicoll, Editor
264 1 _aGrand, Rapids, Michigan
_b: Eerdmans,
_c[1943]
264 4 _c© 1948
300 _c;
336 _2rdacontent
_atexto
_btxt
337 _2rdamedia
_asin mediación
_bn
338 _2rdacarrier
_avolumen
_bnc
505 _aVol. 1: Genesis - Ruth Vol. 2 : I Samuel - Job Vol 3 : The Psalms - Isaiah Vol. 4 : Jeremiah - The Gospel according St. Mark Vol. 5 : The Gospel according St. Luke - Galatians Vol. 6 : Ephesians -Revelation
653 _aComentario bíblico
942 _cBK
945 _aestudiante
999 _c31669
_d31669